Reframing climate change : constructing ecological geopolitics /

Bibliographic Details
Corporate Author: Taylor & Francis
Other Authors: O'Lear, Shannon (Editor), Dalby, Simon (Editor)
Format: eBook
Language:English
Published: London ; New York : Routledge, 2016.
Subjects:
Online Access:Connect to the full text of this electronic book

MARC

Tag First Indicator Second Indicator Subfields
LEADER 00000nam a2200000 i 4500
001 in00005670021
003 OCoLC
005 20260109202626.5
006 m o d
007 cr mn|||||||||
008 150727t20162016enk ob 001 0 eng d
019 |a 918622156  |a 958095937  |a 1058464824  |a 1086429164  |a 1154256371 
020 |a 9781317638650  |q (electronic bk.) 
020 |a 1317638654  |q (electronic bk.) 
020 |a 9781315759265  |q (electronic bk.) 
020 |a 1315759268  |q (electronic bk.) 
020 |a 9781317638636 
020 |a 1317638638 
020 |a 9781317638643 
020 |a 1317638646 
020 |z 9781138794368  |q (hardback) 
020 |z 1138794368  |q (hardback) 
020 |z 9781138794375  |q (pbk.) 
020 |z 1138794376  |q (pbk.) 
024 8 |a 90102813712 
035 |a (OCoLC)in5670021 
035 |a (OCoLC)914473895  |z (OCoLC)918622156  |z (OCoLC)958095937  |z (OCoLC)1058464824  |z (OCoLC)1086429164  |z (OCoLC)1154256371 
037 |a 3570085  |b Proquest Ebook Central 
040 |a N$T  |b eng  |e rda  |e pn  |c N$T  |d N$T  |d OCLCO  |d IDEBK  |d CDX  |d OSU  |d OCLCO  |d EBLCP  |d OCLCQ  |d YDXCP  |d TYFRS  |d OCLCO  |d UAB  |d MOR  |d OCLCA  |d OCLCQ  |d OTZ  |d OCLCQ  |d U3W  |d OCLCF  |d OCLCQ  |d AU@  |d OCLCQ  |d OCLCA  |d OCLCQ  |d UKAHL  |d OCLCQ  |d U9X  |d K6U  |d OCLCO  |d OCLCQ  |d SFB  |d OCLCQ 
050 4 |a QC903  |b .R429 2016 
072 7 |a BUS  |x 032000  |2 bisacsh 
072 7 |a SOC  |x 000000  |2 bisacsh 
082 0 4 |a 363.738/74  |2 23 
245 0 0 |a Reframing climate change :  |b constructing ecological geopolitics /  |c edited by Shannon O'Lear and Simon Dalby. 
264 1 |a London ;  |a New York :  |b Routledge,  |c 2016. 
264 4 |c ©2016 
300 |a 1 online resource ( xvi, 223 pages) : 
336 |a text  |b txt  |2 rdacontent 
337 |a computer  |b c  |2 rdamedia 
338 |a online resource  |b cr  |2 rdacarrier 
504 |a Includes bibliographical references and index. 
505 0 |a Reframing the climate change discussion / Shannon O'Lear and Simon Dalby -- Postmodern interpretations / Leigh Glover -- The climate of communication : from detection to danger / Chris Russill -- Disconnecting climate change from conflict : a methodological proposal / Emily Meierding -- Climate justice : climate change, resource conflicts and social justice / Paul Routledge -- Climate change and the insecurity frame / Simon Dalby -- Geopolitics and climate science : the case of the missing embodied carbon / Shannon O'Lear -- Technology and politics in the Anthropocene : visions of "solar radiation management" / Thilo Wiertz -- Biofuels : climate solution or environmental pariah? / James Smith and Shaun Ruysenaar -- Novel framings create new, unexpected allies for climate activism / Andrew Szasz -- Catastrophe insurance and the biopolitics of climate change adaptation / Kevin J. Grove -- Resisting climate security discourse: restoring "the political" in climate change politics / Angela Oels -- Towards ecological geopolitics : climate change reframed / Simon Dalby and Shannon O'Lear. 
532 1 |3 Taylor & Francis  |a "We are committed to complying with the W3C's Web Content Accessibility Guidelines (WCAG) 2.2 AA Standard to ensure compliance with the following legislation and standards: European Accessibility Act (June 2025), Americans with Disabilities Act of 1990, US Government Section 508 Standards, EPUB Accessibility 1.1 (w3.org), EN 301 549 - European Union Accessibility requirements suitable for public procurement of ICT products and services in Europe (V3.2.1),The Public Sector Bodies (Websites and Mobile Applications) (No. 2) Accessibility Regulations 2018 (PSBAR)." Source: https://taylorandfrancis.com/about/corporate-responsibility/accessibility-at-taylor-francis/. Last accessed April 22, 2025. 
588 0 |a Print version record. 
650 0 |a Climatic changes  |x Political aspects. 
650 0 |a Climatology  |x Political aspects. 
650 0 |a Geopolitics. 
650 6 |a Climat  |x Changements  |x Aspect politique. 
650 6 |a Géopolitique. 
650 7 |a geopolitics.  |2 aat 
650 7 |a BUSINESS & ECONOMICS  |x Infrastructure.  |2 bisacsh 
650 7 |a SOCIAL SCIENCE  |x General.  |2 bisacsh 
650 7 |a Climatic changes  |x Political aspects.  |2 fast  |0 (OCoLC)fst00864257 
650 7 |a Geopolitics.  |2 fast  |0 (OCoLC)fst00941045 
655 7 |a Electronic books.  |2 local 
700 1 |a O'Lear, Shannon,  |e editor. 
700 1 |a Dalby, Simon,  |e editor. 
710 2 |a Taylor & Francis 
776 1 8 |i Print version:  |t Reframing climate change.  |d Abingdon, Oxon ; New York, NY : Routledge, is an imprint of the Taylor & Francis Group, an Informa business, [2015]  |z 9781138794368  |w (DLC) 2015013423  |w (OCoLC)908376005 
856 4 0 |u http://proxy.library.tamu.edu/login?url=https://www.taylorfrancis.com/books/9781315759265  |z Connect to the full text of this electronic book  |t 0 
945 |b 553548 
955 |a YBP purchased firm e-records 
980 |b usergen  |c 90102813712  |g 565752  |k USD  |m 230.00  |p Grad;Philosophy  |q 1  |s AcqMono Conventional  |t Purchase at vendor system  |u Vendor order reference number  |v ZYBP  |y grad - electronic  |z Electronic resource 
999 f f |i 61bc3e48-5401-4719-901d-4e03de8f2d7e  |s 4df73037-2d6d-4055-a80d-00df68f246de  |t 0 
952 f f |a Texas A&M University  |b College Station  |c Electronic Resources  |s www_evans  |d Available Online  |t 0  |e QC903 .R429 2016  |h Library of Congress classification